00414nam a2200157Ia 4500001000500000005001700005008004100022041000800063082001600071100003700087245007900124260000900203300002800212650000800240654000800248970420260306161738.0260306t2014||||xx |||||||||||||| ||spa|| aESP a398.41bB81 aBrachetti Tschohl, ÁngelaeAUT 0aPachamama, los apus y los:bun ciclo anual festivo de los Andes del Perú c2014 a358 páginas :c30 cm. aGEN aCHU